000 00725nam a2200205 a 4500
003 0
005 20250215093328.0
008 130828s19uu xx 00 eng d
050 _aPGS GV 706.4
_b.Sa186 2013
100 _aSalvoro, Derick A.
245 _aVarsity membership and self-confidence /
_cDerick A. Salvoro.
260 _aLas PiƱas City, Philippines :
_b Southville International School and Colleges,
_c2013.
300 _a26 pages :
_billustrations ;
_c28 cm.
504 _aIncludes bibliographical references.
650 _aSports psychology.
650 _aSelf-confidence in children.
650 _aAthletes
_vPsychological aspects.
650 _aSchool sports
_vPsychological aspects.
942 _2lcc
_cPASS
999 _c98990
_d98990